Scientific German (Record no. 1881)

MARC details
000 -LEADER
fixed length control field 00593nam a2200169Ia 4500
003 - CONTROL NUMBER IDENTIFIER
control field IN-BaIIA
008 - FIXED-LENGTH DATA ELEMENTS--GENERAL INFORMATION
fixed length control field 211028s9999 xx 000 0 eng d
040 ## - CATALOGING SOURCE
Transcribing agency IIA Library
080 ## - UNIVERSAL DECIMAL CLASSIFICATION NUMBER
Universal Decimal Classification number (038)=3
Item number CON
100 ## - MAIN ENTRY--PERSONAL NAME
Personal name Condoyannis, George E.
9 (RLIN) 3600
245 #0 - TITLE STATEMENT
Title Scientific German
Remainder of title a concise description of the structural elements of scientific and technical German
Statement of responsibility, etc. George E. Condoyannis
260 ## - PUBLICATION, DISTRIBUTION, ETC.
Place of publication, distribution, etc. New York
Name of publisher, distributor, etc. John Wiley & Sons
Date of publication, distribution, etc. 1957
300 ## - PHYSICAL DESCRIPTION
Extent x, 164p.
650 ## - SUBJECT ADDED ENTRY--TOPICAL TERM
Topical term or geographic name entry element German Dictionary
9 (RLIN) 3601
650 ## - SUBJECT ADDED ENTRY--TOPICAL TERM
Topical term or geographic name entry element Scientific German Dictionary
9 (RLIN) 3602
942 ## - ADDED ENTRY ELEMENTS (KOHA)
Koha item type Books
Holdings
Withdrawn status Lost status Damaged status Not for loan Home library Current library Shelving location Date acquired Cost, normal purchase price Total Checkouts Full call number Barcode Date last seen Cost, replacement price Price effective from Koha item type Purchase Price
        IIA Library-Bangalore IIA Library-Bangalore General Stacks   56.25   (038)=3/ CON 2067 05/11/2021 56.25   Books Rs. 56.25

Powered by Koha